• 首页
  • 本馆介绍
  • 公告通知
  • 最新文献
  • 馆藏检索
  • 电子资源
  • 读者导购
  • 参考咨询
  • 我的图书馆
  • 登录
  • 详细信息显示
  • 放入我的书架
  • 预约/预借图书
  • 作者相关作品
  • 分类相关作品
  • 丛书相关作品
  • 出版社相关作品

书目信息

  • 表格格式
  • 工作单格式
  • 卡片格式
题名:
调查研究理论与方法
    
 
作者: 张性秀 常艳娥
分册:  
出版信息: 长沙   国防科技大学出版社  2001
页数: 310
开本: 20cm
丛书名:
单 册:
中图分类: C31
科图分类:
主题词: 社会科学--调查方法 , 社会科学--工作方法
电子资源:
ISBN: 7-81024-760-3
000 00598nam0 2200193 450
001 0741144344
005 20070817112544.34
010    @a7-81024-760-3@d¥16.00
100    @a20070817d km y0chiy0120 ea
101 0  @achi
200 1  @a调查研究理论与方法@Adiao cha yan jiu li lun yu fang fa@f张性秀 常艳娥@Fzhang xing xiu chang yan e
210    @a长沙@c国防科技大学出版社@d2001
215    @a310@d20cm
606 0  @a社会科学@x调查方法
606 0  @a社会科学@x工作方法
690    @aC31@v3
701  0 @a张性秀 常艳娥@Azhang xing xiu chang yan e
801  0 @aCN@bPFT@c20070817
905    @a213230@dC31@en1@f1
    
    调查研究理论与方法/张性秀 常艳娥.-长沙:国防科技大学出版社,2001
    310;20cm
    
    
    ISBN 7-81024-760-3:¥16.00
    
●
相关链接 在E读中查询图书 在五车中查询图书 在当当中查询图书 在豆瓣中查询图书


正题名:调查研究理论与方法     索取号:C31/n1         预约/预借

序号 登录号 条形码 馆藏地/架位号 状态 备注
1 6600784   266007849   密集书库-生命科学系/ [索取号:C31/n1] 在馆    
唐山师范学院图书馆 欢迎您!
大连网信软件有限公司© 版权所有